[Event "PRO League KO Stage 2017"]
[Site "chess.com INT"]
[Date "2017.03.25"]
[Round "4.4"]
[White "So, Wesley"]
[Black "Caruana, Fabiano"]
[Result "1/2-1/2"]
[WhiteTitle "GM"]
[BlackTitle "GM"]
[WhiteElo "2822"]
[BlackElo "2817"]
[WhiteTeam "St Louis Arch Bishops"]
[BlackTeam "Montreal ChessBrahs"]
[WhiteFideId "5202213"]
[BlackFideId "2020009"]
[EventDate "2017.03.01"]

1. d4 Nf6 2. c4 e6 3. Nf3 d5 4. e3 Be7 5. b3 O-O 6. Bb2 c5 7. Bd3 Nc6 8. O-O
cxd4 9. Nxd4 Nxd4 10. Bxd4 dxc4 11. Bxc4 Bd7 12. Nd2 Bc6 13. Nf3 Bd5 14. Rc1
Bxc4 15. Rxc4 Rc8 16. Bxa7 Rxc4 17. Qxd8 Rxd8 18. bxc4 Ra8 19. Bd4 Rxa2 20. Rb1
Rc2 21. g3 h6 22. Rxb7 Bd6 23. Be5 Bc5 24. Rb8+ Kh7 25. Bxf6 gxf6 26. Rc8 Rxc4
27. Nd2 Rc3 28. Kg2 Bb4 29. Rb8 Bd6 30. Rd8 Bc7 31. Rc8 Be5 32. Rxc3 Bxc3 33.
Ne4 Bb2 34. Nd6 Kg6 35. Kf3 f5 36. Ke2 Bc3 37. Kd3 Be1 38. f3 h5 39. Ke2 Bb4 40.
Nc4 Bc3 41. Kd3 Bb4 42. Ne5+ Kf6 43. Nc6 Bc5 44. Nd4 Bb4 45. f4 Bd6 46. Kc4 Ba3
47. Nf3 Bc1 48. Kd3 Ba3 49. Ne5 Bb4 50. Kc4 Be1 51. Nf3 Ba5 52. Ng5 Be1 53. Kd3
Bb4 54. e4 fxe4+ 55. Kxe4 Kg6 56. Nf3 Bc3 57. Ne5+ Kf6 58. Nd7+ Ke7 59. Nc5 Kf6
60. Nd7+ Ke7 61. Nc5 Kf6 62. Nd7+ Ke7 63. Nc5 1/2-1/2

[Event "PRO League KO Stage 2017"]
[Site "chess.com INT"]
[Date "2017.03.25"]
[Round "4.4"]
[White "Oussedik, Elias"]
[Black "Rosenthal, Nicholas"]
[Result "0-1"]
[WhiteElo "2155"]
[BlackElo "2169"]
[WhiteTeam "Montreal ChessBrahs"]
[BlackTeam "St Louis Arch Bishops"]
[WhiteFideId "2605341"]
[BlackFideId "2045150"]
[EventDate "2017.03.01"]

1. d4 e6 2. c4 f5 3. Nc3 Nf6 4. Qc2 d5 5. e3 c6 6. Bd3 Ne4 7. Nge2 Bd6 8. h4 O-O
9. Bd2 Nd7 10. f3 Ng3 11. Rh3 Nxe2 12. Nxe2 dxc4 13. Bxc4 Nb6 14. Bd3 Nd5 15. a3
e5 16. Rh1 exd4 17. exd4 Qc7 18. O-O-O Be6 19. Kb1 a5 20. h5 b5 21. g4 Nb4 22.
Bxb4 axb4 23. gxf5 b3 24. Qc3 b4 25. Qd2 Rxf5 26. Be4 bxa3 27. Nc3 axb2 28. Kxb2
Rfa5 29. Ra1 Rxa1 30. Rxa1 Rxa1 31. Kxa1 Qa5+ 32. Kb2 Ba3+ 33. Kb1 Bb4 34. Qf4
Bxc3 35. Qb8+ Kf7 36. Qf4+ Ke7 37. Qh4+ Kd7 38. Bxc6+ Kxc6 39. Qe4+ Qd5 40. Qd3
Bf5 41. Kc1 Bxd3 42. h6 0-1

[Event "PRO League KO Stage 2017"]
[Site "chess.com INT"]
[Date "2017.03.25"]
[Round "4.5"]
[White "Caruana, Fabiano"]
[Black "Rosenthal, Nicholas"]
[Result "1-0"]
[WhiteTitle "GM"]
[WhiteElo "2817"]
[BlackElo "2169"]
[WhiteTeam "Montreal ChessBrahs"]
[BlackTeam "St Louis Arch Bishops"]
[WhiteFideId "2020009"]
[BlackFideId "2045150"]
[EventDate "2017.03.01"]

1. e4 e6 2. d4 d5 3. Nc3 Nf6 4. e5 Nfd7 5. f4 c5 6. Nf3 Nc6 7. Be3 a6 8. Qd2 b5
9. dxc5 Nxc5 10. Qf2 Nd7 11. O-O-O Bb7 12. Kb1 Na5 13. f5 Bb4 14. Ne2 Nc4 15.
Ned4 Qe7 16. Bg5 Qc5 17. c3 Nxb2 18. cxb4 Nxd1 19. Qd2 Nc3+ 20. Ka1 Qxb4 21. Bd3
Rc8 22. fxe6 fxe6 23. Nxe6 Nc5 24. Nxg7+ Kd7 25. Bf5+ Kc6 26. Nd4+ Kb6 27. Rc1
N5a4 28. Be3 Kc7 29. Nb3 Kb8 30. Bxc8 Rxc8 31. e6 Bc6 32. Nf5 Be8 33. Bd4 Rc4
34. Ne3 Rc6 35. e7 Qxe7 36. Rxc3 Nxc3 37. Bxc3 Qe4 38. Bd4 Bg6 39. Qd1 Rc8 40.
Nc5 Qf4 41. Nxa6+ Kb7 42. Nc5+ Kb8 43. Na6+ Kb7 44. Nc5+ Kb8 45. Kb2 Rc6 46. Kb3
Kc8 47. Qd2 Rc7 48. Qc3 Qd6 49. Qb4 Qb6 50. Kb2 Qc6 51. Qb3 Ra7 52. Qxd5 Qxd5
53. Nxd5 Bf7 54. Nb4 Re7 55. Kc3 Re2 56. Nc6 Bxa2 57. Be5 Rxg2 58. Kb4 Bc4 59.
Ka5 Rg6 60. Ne7+ Kd8 61. Nxg6 hxg6 62. Bg3 Ke7 63. Kb4 Kf6 64. Nb7 Bf1 65. Nd6
Kg5 66. Nxb5 Kg4 67. Nc3 Kh3 68. Kc5 Bd3 69. Kd4 Bc2 70. Nd5 Kg4 71. Ne3+ Kh3
72. Nxc2 g5 73. Ke5 g4 74. Kf5 1-0

[Event "PRO League KO Stage 2017"]
[Site "chess.com INT"]
[Date "2017.03.25"]
[Round "4.5"]
[White "So, Wesley"]
[Black "Oussedik, Elias"]
[Result "1-0"]
[WhiteTitle "GM"]
[WhiteElo "2822"]
[BlackElo "2155"]
[WhiteTeam "St Louis Arch Bishops"]
[BlackTeam "Montreal ChessBrahs"]
[WhiteFideId "5202213"]
[BlackFideId "2605341"]
[EventDate "2017.03.01"]

1. Nf3 Nf6 2. c4 c5 3. d4 cxd4 4. Nxd4 a6 5. g3 Qc7 6. b3 b6 7. Bg2 Bb7 8. Nf3
e6 9. Bb2 Be7 10. O-O d6 11. Nc3 Nbd7 12. Rc1 O-O 13. h3 Rac8 14. Re1 Qb8 15. a4
Rfe8 16. e4 Nc5 17. Qc2 Qa8 18. Nd4 g6 19. f4 e5 20. Nf3 exf4 21. Nd5 Bxd5 22.
exd5 Ncd7 23. gxf4 Nxd5 24. Nd4 Nb4 25. Qc3 Na2 26. Qg3 Qb8 27. Ra1 Nb4 28. Qc3
a5 29. Rxe7 Rxe7 30. Nc6 1-0

[Event "PRO League KO Stage 2017"]
[Site "chess.com INT"]
[Date "2017.03.25"]
[Round "4.6"]
[White "Finegold, Benjamin"]
[Black "Caruana, Fabiano"]
[Result "0-1"]
[WhiteTitle "GM"]
[BlackTitle "GM"]
[WhiteElo "2481"]
[BlackElo "2817"]
[WhiteTeam "St Louis Arch Bishops"]
[BlackTeam "Montreal ChessBrahs"]
[WhiteFideId "2000261"]
[BlackFideId "2020009"]
[EventDate "2017.03.01"]

1. d4 Nf6 2. c4 e6 3. Nc3 Bb4 4. Qc2 O-O 5. e4 d5 6. e5 Ne4 7. a3 Bxc3+ 8. bxc3
c5 9. Bb2 cxd4 10. cxd4 Nc6 11. Bd3 f5 12. exf6 Qxf6 13. Nf3 Qg6 14. Kf1 Bd7 15.
Re1 Rf4 16. Re3 Raf8 17. h4 Qf5 18. Rh3 Be8 19. Kg1 Bg6 20. cxd5 exd5 21. Qe2
Qh5 22. Kh2 Bf5 23. Rg3 Nxg3 24. fxg3 Bxd3 25. Qxd3 R4f6 26. Bc3 Qf5 27. Qb5 Qd7
28. Qe2 h6 29. Ne5 Nxe5 30. dxe5 Rf2 31. Qd3 Qe6 32. Bd4 b6 33. Re1 R2f7 34. Rd1
Rc7 35. Ba1 Rc5 36. Qe3 Rc2 37. Rd2 Rxd2 38. Qxd2 Rc8 39. Bd4 Qf5 40. e6 Qxe6
41. Qd1 Qe4 42. Ba1 Rc2 43. Qf1 d4 44. Kh3 d3 45. Qd1 Qxg2+ 46. Kg4 Qe2+ 0-1

[Event "PRO League KO Stage 2017"]
[Site "chess.com INT"]
[Date "2017.03.25"]
[Round "4.6"]
[White "Oussedik, Elias"]
[Black "Akobian, Varuzhan"]
[Result "0-1"]
[BlackTitle "GM"]
[WhiteElo "2155"]
[BlackElo "2645"]
[WhiteTeam "Montreal ChessBrahs"]
[BlackTeam "St Louis Arch Bishops"]
[WhiteFideId "2605341"]
[BlackFideId "13300580"]
[EventDate "2017.03.01"]

1. d4 e6 2. c4 b6 3. Nf3 Bb7 4. g3 Nf6 5. Bg2 Bb4+ 6. Bd2 Bxd2+ 7. Qxd2 d6 8.
O-O Nbd7 9. Nc3 O-O 10. Qc2 c5 11. dxc5 dxc5 12. Rad1 Qe7 13. Ng5 Bxg2 14. Kxg2
h6 15. Nge4 Rfd8 16. b3 Ne8 17. Rd2 f5 18. Rfd1 fxe4 19. Qxe4 Ndf6 20. Qe5 Rxd2
21. Rxd2 Kf7 22. Nb5 Rd8 23. Rxd8 Qxd8 24. f3 a6 25. Na3 Qd6 26. Qe3 e5 27. Nc2
Nc7 28. Ne1 Qd4 29. Qc1 Ne6 30. Nd3 e4 31. Nf2 exf3+ 32. exf3 g5 33. h3 h5 34.
Qc2 h4 35. Qf5 hxg3 36. Ne4 Nf4+ 37. Kxg3 Qg1# 0-1

[Event "PRO League KO Stage 2017"]
[Site "chess.com INT"]
[Date "2017.03.25"]
[Round "4.7"]
[White "Akobian, Varuzhan"]
[Black "Caruana, Fabiano"]
[Result "0-1"]
[WhiteTitle "GM"]
[BlackTitle "GM"]
[WhiteElo "2645"]
[BlackElo "2817"]
[WhiteTeam "St Louis Arch Bishops"]
[BlackTeam "Montreal ChessBrahs"]
[WhiteFideId "13300580"]
[BlackFideId "2020009"]
[EventDate "2017.03.01"]

1. d4 Nf6 2. c4 Nc6 3. Nf3 e6 4. a3 d6 5. Nc3 g6 6. Bg5 h6 7. Bh4 Bg7 8. e3 g5
9. Bg3 Nh5 10. Be2 Nxg3 11. hxg3 Ne7 12. g4 b6 13. Qc2 Bb7 14. O-O-O Qd7 15. Kb1
O-O-O 16. c5 Kb8 17. Bb5 Qc8 18. cxd6 cxd6 19. Rc1 a6 20. Bd3 Qd7 21. Qb3 Ka7
22. Rc2 Rc8 23. Rhc1 Nd5 24. Ne4 Rxc2 25. Rxc2 f5 26. gxf5 exf5 27. Nc3 Nxc3+
28. Rxc3 f4 29. exf4 gxf4 30. Qc2 Rc8 31. Rxc8 Qxc8 32. Qxc8 Bxc8 33. Be4 b5 34.
Kc2 Kb6 35. Kd3 Bf6 36. b4 a5 37. Nd2 Be6 38. d5 Bd7 39. Nb3 a4 40. Nd4 h5 41.
f3 h4 42. Kc3 h3 43. gxh3 Bxh3 44. Kd3 Bf1+ 45. Kc3 Bc4 46. Bf5 Bxd5 47. Bg4 Bc4
48. Bh5 Kc7 49. Bg4 d5 50. Be6 Kd6 51. Bf5 Be5 52. Bd3 Ke7 53. Bf5 Kf6 0-1

[Event "PRO League KO Stage 2017"]
[Site "chess.com INT"]
[Date "2017.03.25"]
[Round "4.7"]
[White "Oussedik, Elias"]
[Black "Finegold, Benjamin"]
[Result "0-1"]
[BlackTitle "GM"]
[WhiteElo "2155"]
[BlackElo "2481"]
[WhiteTeam "Montreal ChessBrahs"]
[BlackTeam "St Louis Arch Bishops"]
[WhiteFideId "2605341"]
[BlackFideId "2000261"]
[EventDate "2017.03.01"]

1. d4 d5 2. c4 Nc6 3. e3 e5 4. cxd5 Qxd5 5. Nc3 Bb4 6. Bd2 Bxc3 7. bxc3 Nf6 8.
Qb3 Qd6 9. Bd3 e4 10. Bb5 O-O 11. Bxc6 bxc6 12. c4 Qe6 13. Bb4 Re8 14. Ne2 Ba6
15. Rc1 Rab8 16. Qc3 h5 17. h3 Qf5 18. a3 Qg5 19. Nf4 Qf5 20. Bc5 g5 21. Ne2 h4
22. Bxa7 Rb7 23. Bc5 Reb8 24. Bb4 Nd7 25. Qc2 Nb6 26. Nc3 Re8 27. f3 Nxc4 28.
Nxe4 Rbb8 29. Kf2 Bb5 30. Rhe1 Re6 31. Nc5 Qxc2+ 32. Rxc2 Ree8 33. e4 Nb6 34.
Ke3 Rbd8 35. Rd2 Nd5+ 36. Kf2 Nf4 37. Red1 f5 38. e5 Kf7 39. a4 Bc4 40. Ba5 Rc8
41. Bc3 Nd5 42. Bb2 Ra8 43. Ra1 Reb8 44. g3 Rb4 45. gxh4 gxh4 46. Rg1 Nb6 47.
e6+ Bxe6 48. Nxe6 Kxe6 49. Re2+ Kd5 50. Rg5 Rf8 51. Re5+ Kc4 52. Rc5+ Kb3 53.
Bc1 Rxd4 54. Rxc6 Nxa4 55. Rxc7 Nc3 56. Be3 Nd1+ 57. Ke2 Rd5 58. Rb7+ Kc2 59.
Rgg7 Nc3+ 60. Kf2 f4 61. Ba7 Rd2+ 62. Kf1 Re8 63. Rge7 Rg8 64. Rg7 Re8 65. Rge7
Red8 66. Bf2 R8d3 67. Kg2 Nd1 68. Rec7+ Rc3 69. Rxc3+ Kxc3 70. Rc7+ Kb3 71. Rb7+
Kc4 72. Rc7+ Kb4 73. Rb7+ Kc4 74. Rc7+ Kb5 75. Rc5+ Kb4 76. Rh5 Rxf2+ 77. Kg1
Rxf3 78. Rxh4 Ne3 79. Rh8 Kc4 80. h4 Kd3 81. h5 Ke2 82. h6 Rh3 83. Re8 Rxh6 84.
Rf8 Rh4 85. Rh8 Rg4+ 86. Kh1 Kf1 87. Rf8 Rh4# 0-1

[Event "PRO League KO Stage 2017"]
[Site "chess.com INT"]
[Date "2017.03.25"]
[Round "4.8"]
[White "Caruana, Fabiano"]
[Black "So, Wesley"]
[Result "0-1"]
[WhiteTitle "GM"]
[BlackTitle "GM"]
[WhiteElo "2817"]
[BlackElo "2822"]
[WhiteTeam "Montreal ChessBrahs"]
[BlackTeam "St Louis Arch Bishops"]
[WhiteFideId "2020009"]
[BlackFideId "5202213"]
[EventDate "2017.03.01"]

1. e4 e6 2. d4 d5 3. Nc3 Bb4 4. e5 c5 5. a3 Bxc3+ 6. bxc3 Ne7 7. h4 Qc7 8. Nf3
b6 9. Bb5+ Bd7 10. Bd3 Ba4 11. h5 cxd4 12. cxd4 Qc3+ 13. Bd2 Qxd3 14. cxd3 Bxd1
15. Kxd1 h6 16. Ke2 Nbc6 17. g4 Kd7 18. Rhg1 f6 19. Bf4 Raf8 20. Ke3 Rf7 21. Rg3
g5 22. hxg6 Nxg6 23. exf6 Nxf4 24. Kxf4 Rxf6+ 25. Ke3 Kd6 26. Rh1 Rg8 27. Rh5
Rgf8 28. Rgh3 Rf4 29. Rg3 R8f6 30. g5 hxg5 31. Rhxg5 b5 32. Rg7 Rf7 33. Rxf7
Rxf7 34. Rg6 Ne7 35. Rg1 Nf5+ 36. Kd2 a6 37. Ne5 Rh7 38. Nf3 Rb7 39. Rg8 b4 40.
axb4 Rxb4 41. Ra8 Ra4 42. Kc3 Ra3+ 43. Kb4 Rxd3 44. Rxa6+ Ke7 45. Ne5 Rxd4+ 46.
Kc5 Re4 47. f4 Kf6 48. Ng4+ Kg6 49. Ne5+ Kf6 50. Ng4+ Ke7 51. Ne5 Re2 52. Ra7+
Ke8 53. Ra8+ Ke7 54. Ra7+ Kf8 55. Kc6 Re4 56. Kd7 Nd4 57. Ra1 Kg7 58. Ke7 Rxf4
59. Rg1+ Kh6 60. Rh1+ Kg5 61. Rg1+ Kf5 62. Nf7 Ke4 63. Ng5+ Kf5 64. Nf7 Rh4 65.
Rf1+ Ke4 66. Ng5+ Kd3 67. Rd1+ Kc4 68. Rc1+ Kd3 69. Kd6 Rh5 70. Nf7 Nb3 71. Re1
Nd4 72. Ne5+ Kc3 73. Re3+ Kc2 74. Re1 Kd2 75. Ra1 Rh6 76. Ra2+ Ke3 77. Ra3+ Ke4
78. Ra4 Rf6 79. Rb4 Rf4 80. Nc6 Kd3 81. Ne5+ Ke4 82. Nc6 Ke3 83. Rb1 Nxc6 84.
Kxc6 d4 85. Kc5 d3 86. Re1+ Kf2 87. Rxe6 d2 88. Rd6 Ke2 89. Re6+ Kd3 0-1

[Event "PRO League KO Stage 2017"]
[Site "chess.com INT"]
[Date "2017.03.25"]
[Round "4.8"]
[White "Rosenthal, Nicholas"]
[Black "Oussedik, Elias"]
[Result "1/2-1/2"]
[WhiteElo "2169"]
[BlackElo "2155"]
[WhiteTeam "St Louis Arch Bishops"]
[BlackTeam "Montreal ChessBrahs"]
[WhiteFideId "2045150"]
[BlackFideId "2605341"]
[EventDate "2017.03.01"]

1. e4 e6 2. d3 c5 3. Nf3 d5 4. Nbd2 Nc6 5. g3 Bd6 6. Bg2 Nge7 7. O-O O-O 8. Re1
f6 9. d4 cxd4 10. exd5 Nxd5 11. Nb3 e5 12. Nfxd4 Nde7 13. Nxc6 Nxc6 14. Qd5+ Kh8
15. Rd1 Qe7 16. Be3 Rd8 17. Bc5 Bxc5 18. Qxc5 Qc7 19. Bxc6 bxc6 20. Na5 Bh3 21.
Nc4 h6 22. Ne3 Rab8 23. b3 Rd7 24. Rxd7 Qxd7 25. Rd1 Qb7 26. Rd6 Rc8 27. Nc4 Qe7
28. Qe3 Be6 29. Qd3 Bh3 30. Ne3 Be6 31. c4 Bh3 32. c5 Be6 33. f3 Bh3 34. Kf2 Be6
35. h4 Qf7 36. g4 Qe7 37. h5 Qf7 38. Qe4 Bd7 39. Kg3 Qe7 40. Qd3 Be6 41. Qe4 Bd7
42. Ng2 Be8 43. Nh4 Kg8 44. Nf5 Qc7 45. Qc4+ Bf7 46. Qd3 Bd5 47. a3 Kh8 48. b4
Rb8 49. Nh4 Qf7 50. Ng6+ Kg8 51. Qf5 Re8 52. Rd7 Qe6 53. Rxa7 e4 54. Qxe6+ Bxe6
55. fxe4 Bc4 56. Kf4 Bd3 57. Re7 Rd8 58. Re6 Bb5 59. Rd6 Ra8 60. Rd7 Re8 61.
Ne7+ Kf8 62. Ng6+ Kg8 63. Ra7 Bd3 64. Ne7+ Kf8 65. Ng6+ Kg8 1/2-1/2

[Event "PRO League KO Stage 2017"]
[Site "chess.com INT"]
[Date "2017.03.25"]
[Round "4.9"]
[White "So, Wesley"]
[Black "Caruana, Fabiano"]
[Result "1/2-1/2"]
[WhiteTitle "GM"]
[BlackTitle "GM"]
[WhiteElo "2822"]
[BlackElo "2817"]
[WhiteTeam "St Louis Arch Bishops"]
[BlackTeam "Montreal ChessBrahs"]
[WhiteFideId "5202213"]
[BlackFideId "2020009"]
[EventDate "2017.03.01"]

1. Nf3 d5 2. d4 Nf6 3. c4 c6 4. e3 Bf5 5. Nc3 e6 6. Nh4 Be4 7. f3 Bg6 8. Qb3 Qc7
9. Bd2 a6 10. Rc1 dxc4 11. Bxc4 Nbd7 12. a4 Be7 13. g3 Bh5 14. O-O O-O 15. Ng2
Rad8 16. Nf4 Kh8 17. g4 Bg6 18. g5 Nh5 19. Nxg6+ fxg6 20. f4 e5 21. fxe5 Nxe5
22. Rxf8+ Rxf8 23. dxe5 Qxe5 24. Rf1 Rd8 25. Qxb7 Qxg5+ 26. Kh1 Qh4 27. Qc7 h6
28. Qxd8+ Bxd8 29. Rf8+ Kh7 30. Bg8+ Kh8 31. Bf7+ Kh7 32. Bg8+ Kh8 33. Bf7+ Kh7
34. Bg8+ 1/2-1/2

[Event "PRO League KO Stage 2017"]
[Site "chess.com INT"]
[Date "2017.03.25"]
[Round "4.9"]
[White "Oussedik, Elias"]
[Black "Rosenthal, Nicholas"]
[Result "1/2-1/2"]
[WhiteElo "2155"]
[BlackElo "2169"]
[WhiteTeam "Montreal ChessBrahs"]
[BlackTeam "St Louis Arch Bishops"]
[WhiteFideId "2605341"]
[BlackFideId "2045150"]
[EventDate "2017.03.01"]

1. d4 e6 2. c4 f5 3. Nc3 Nf6 4. Qc2 d5 5. e3 c6 6. Bd3 Ne4 7. Nge2 Bd6 8. h4 O-O
9. Bd2 Nd7 10. f3 Ng3 11. Rh3 Nxe2 12. Nxe2 dxc4 13. Bxc4 Nb6 14. Bd3 Nd5 15.
O-O-O e5 16. Rhh1 Be6 17. dxe5 Bxe5 18. e4 fxe4 19. Bxe4 Qb6 20. Bxh7+ Kh8 21.
h5 Ne3 22. Bxe3 Qxe3+ 23. Kb1 Qh6 24. Be4 Rae8 25. g4 Bf4 26. Nxf4 Qxf4 27. h6
g5 28. h7 Bxg4 29. fxg4 Qxe4 30. Qxe4 Rxe4 31. Rd7 Rxg4 32. Rxb7 Rh4 33. Rc1
Rxh7 34. Rb4 Rh6 35. Rg4 Rf5 36. Rcg1 Rg6 37. Kc2 Kg7 38. Ra4 a5 39. b4 axb4 40.
Rxb4 Rd6 41. a4 Kf6 42. Ra1 Rf2+ 43. Kc3 Rf3+ 44. Kc2 Re6 45. Rd4 Re2+ 1/2-1/2

[Event "PRO League KO Stage 2017"]
[Site "chess.com INT"]
[Date "2017.03.25"]
[Round "4.1"]
[White "Pantsulaia, Levan"]
[Black "Hammer, Jon Ludvig"]
[Result "1-0"]
[WhiteTitle "GM"]
[BlackTitle "GM"]
[WhiteElo "2589"]
[BlackElo "2630"]
[WhiteTeam "Stockholm Snowballs"]
[BlackTeam "Norway Gnomes"]
[WhiteFideId "13602071"]
[BlackFideId "1503707"]
[EventDate "2017.03.01"]

1. Nf3 d5 2. g3 g6 3. c4 dxc4 4. Na3 Nc6 5. Nxc4 Bg7 6. d3 e5 7. Bd2 Nge7 8. Bg2
O-O 9. O-O Be6 10. Rc1 Qc8 11. b4 a6 12. a4 b5 13. Na3 Rb8 14. Ng5 Bd7 15. axb5
axb5 16. Ne4 Bg4 17. Nc2 f5 18. Nc5 f4 19. Bc3 Bh3 20. Ne1 Kh8 21. Nf3 Bxg2 22.
Kxg2 Nd5 23. Qb3 Nxc3 24. Rxc3 Nd4 25. Nxd4 exd4 26. Rc2 Rb6 27. Ne4 Qd7 28.
Rfc1 c6 29. Rc5 Bh6 30. R1c2 Ra6 31. Re5 Qc7 32. Rxb5 Rb6 33. Rxb6 Qxb6 34. Qc4
Rb8 35. Qxc6 Qxc6 36. Rxc6 fxg3 37. hxg3 Bf8 38. Nc5 Rxb4 39. Rc8 Kg7 40. Ne6+
Kf7 41. Nxf8 h6 42. Nd7 Ke7 43. Ne5 Kf6 44. Nc6 Ra4 45. Rd8 Ra6 1-0

[Event "PRO League KO Stage 2017"]
[Site "chess.com INT"]
[Date "2017.03.25"]
[Round "4.1"]
[White "Tari, Aryan"]
[Black "Meier, Georg"]
[Result "0-1"]
[WhiteTitle "GM"]
[BlackTitle "GM"]
[WhiteElo "2596"]
[BlackElo "2630"]
[WhiteTeam "Norway Gnomes"]
[BlackTeam "Stockholm Snowballs"]
[WhiteFideId "1510045"]
[BlackFideId "4675789"]
[EventDate "2017.03.01"]

1. e4 e6 2. d4 d5 3. Nc3 dxe4 4. Nxe4 Nd7 5. Nf3 Ngf6 6. Nxf6+ Nxf6 7. Bg5 h6 8.
Bh4 c5 9. Bd3 cxd4 10. Nxd4 Bc5 11. c3 Bd7 12. O-O Bxd4 13. cxd4 Bc6 14. Be2 Rc8
15. Rc1 O-O 16. Bf3 Bxf3 17. Qxf3 Qd5 18. Qe3 Nd7 19. a3 Nb6 20. Rc5 Qd7 21.
Rfc1 Nd5 22. Qd2 b6 23. R5c2 Rfe8 24. Bg3 Rxc2 25. Qxc2 Ne7 26. Qd2 Rc8 27.
Rxc8+ Qxc8 28. f3 Qc4 29. Bf2 Nd5 30. g3 f6 31. Kg2 Kf7 32. h4 h5 33. Be1 a5 34.
Bf2 a4 35. Be1 Ne7 36. Bf2 Qd5 37. Qc2 b5 38. Qe4 Nc6 39. Qxd5 exd5 40. Be3 Ke6
41. g4 g6 42. Kf2 b4 43. axb4 Nxb4 44. Ke2 Nc6 45. Kd2 Kd7 46. Kc3 Kc7 47. Bh6
Kd7 48. Be3 Ke6 49. Bf4 f5 50. g5 Kd7 51. Bg3 Kc8 52. Bf4 Kb7 53. Bd6 Kb6 54.
Bc5+ Kb5 55. Bd6 Nd8 56. Be5 Nc6 57. Bd6 Na5 58. Bf4 Nc4 59. Bc1 Na5 60. Bf4 Nc6
61. Bd6 Nd8 62. b3 Ne6 63. bxa4+ Kxa4 64. Be5 Nd8 65. Bd6 Nc6 66. Bc5 Nd8 67.
Bd6 Ne6 68. Be5 Kb5 69. Bd6 Ka5 70. Be5 Ka4 71. Bd6 Kb5 72. Be5 f4 73. Kd3 Kb4
74. Bd6+ Kb3 75. Be5 Kb2 76. Kd2 Kb3 77. Kd3 Kb4 78. Bd6+ Ka4 79. Be5 Kb3 80.
Bd6 Ng7 81. Bxf4 Nf5 82. Bh2 Nxh4 83. f4 Nf5 84. Bg1 Kb4 85. Bh2 Kb5 86. Bg1 Kc6
87. Bh2 Kd7 88. Bg1 Ke6 89. Ke2 Nd6 90. Kf3 Kf5 91. Bf2 Nb5 92. Be3 Nc7 93. Bf2
Ne6 94. Be3 h4 95. Bf2 h3 96. Kg3 Nxf4 97. Be3 Ke4 98. Bf2 Ne2+ 99. Kxh3 Nxd4
100. Kg2 Nf3 101. Kg3 d4 0-1

[Event "PRO League KO Stage 2017"]
[Site "chess.com INT"]
[Date "2017.03.25"]
[Round "4.1"]
[White "Nordquelle, Daniel"]
[Black "Jobava, Baadur"]
[Result "0-1"]
[BlackTitle "GM"]
[WhiteElo "2063"]
[BlackElo "2701"]
[WhiteTeam "Norway Gnomes"]
[BlackTeam "Miami Champions"]
[WhiteFideId "1519042"]
[BlackFideId "13601520"]
[EventDate "2017.03.01"]

1. e4 c6 2. d4 d5 3. e5 Bf5 4. h4 h5 5. c4 e6 6. Nc3 Ne7 7. Nge2 Nd7 8. Ng3 g6
9. Bg5 Bh6 10. Nxf5 gxf5 11. Bxh6 Rxh6 12. Be2 dxc4 13. Bxc4 Qb6 14. Qd2 Rh8 15.
O-O O-O-O 16. Rfe1 Ng6 17. g3 Ndxe5 18. Qe2 Rxd4 19. Bb3 Rd2 20. Na4 Qd4 21. Qe3
f4 22. Qxd4 Rxd4 23. Red1 Rhd8 24. Nc5 Ng4 25. Rac1 N6e5 26. gxf4 Nf3+ 27. Kf1
Nd2+ 28. Ke2 Rxf4 29. Nxe6 Rxf2+ 0-1

[Event "PRO League KO Stage 2017"]
[Site "chess.com INT"]
[Date "2017.03.25"]
[Round "4.2"]
[White "Hammer, Jon Ludvig"]
[Black "Pantzar, Milton"]
[Result "1-0"]
[WhiteTitle "GM"]
[WhiteElo "2630"]
[BlackElo "2257"]
[WhiteTeam "Norway Gnomes"]
[BlackTeam "Stockholm Snowballs"]
[WhiteFideId "1503707"]
[BlackFideId "1721003"]
[EventDate "2017.03.01"]

1. e4 e5 2. Nf3 Nc6 3. Bb5 a6 4. Ba4 Nf6 5. O-O Be7 6. d3 d6 7. c3 O-O 8. Nbd2
b5 9. Bc2 d5 10. Re1 dxe4 11. dxe4 h6 12. Nh4 Re8 13. Nf5 Bf8 14. Qf3 g6 15. Ne3
Bg7 16. Ndf1 Be6 17. h3 Na5 18. b3 c6 19. Ba3 Qc7 20. Nh2 Nb7 21. Nhg4 Nxg4 22.
Nxg4 c5 23. Nf6+ Bxf6 24. Qxf6 Qd8 25. Qf3 Kg7 26. Bc1 Qf6 27. Bxh6+ 1-0

[Event "PRO League KO Stage 2017"]
[Site "chess.com INT"]
[Date "2017.03.25"]
[Round "4.2"]
[White "Meier, Georg"]
[Black "Nordquelle, Daniel"]
[Result "1-0"]
[WhiteTitle "GM"]
[WhiteElo "2630"]
[BlackElo "2063"]
[WhiteTeam "Stockholm Snowballs"]
[BlackTeam "Norway Gnomes"]
[WhiteFideId "4675789"]
[BlackFideId "1519042"]
[EventDate "2017.03.01"]

1. Nf3 d5 2. g3 g6 3. Bg2 Bg7 4. d4 e6 5. O-O Ne7 6. c4 O-O 7. Nc3 Nbc6 8. e3
dxc4 9. Qa4 e5 10. Nxe5 Nxe5 11. dxe5 Bxe5 12. Rd1 Qe8 13. Qxc4 c6 14. e4 Bg4
15. f3 Be6 16. Qe2 Bg7 17. Be3 b6 18. f4 Qc8 19. Bf3 Qc7 20. Rd2 Rfd8 21. Rad1
Rac8 22. Kg2 h6 23. Bf2 Kh7 24. e5 Bf8 25. g4 Kg7 26. Bh4 Rxd2 27. Bf6+ Kh7 28.
Qxd2 Ng8 29. Bd8 Qb8 30. Bh4 Bb4 31. Qd3 Bxc3 32. Qxc3 Bd5 33. Qd3 Qb7 34. Rd2
Bxf3+ 35. Kxf3 Ne7 36. Bxe7 Qxe7 37. Qd7 Rc7 38. Qxe7 Rxe7 39. Ke4 Kg7 40. f5
gxf5+ 41. gxf5 Rc7 42. f6+ Kg6 43. Rg2+ Kh7 44. Rg7+ Kh8 45. e6 Rc8 46. exf7 Rf8
47. Kf5 c5 48. Kg6 1-0

[Event "PRO League KO Stage 2017"]
[Site "chess.com INT"]
[Date "2017.03.25"]
[Round "4.3"]
[White "Jobava, Baadur"]
[Black "Hammer, Jon Ludvig"]
[Result "0-1"]
[WhiteTitle "GM"]
[BlackTitle "GM"]
[WhiteElo "2701"]
[BlackElo "2630"]
[WhiteTeam "Miami Champions"]
[BlackTeam "Norway Gnomes"]
[WhiteFideId "13601520"]
[BlackFideId "1503707"]
[EventDate "2017.03.01"]

1. d4 Nf6 2. Bg5 d5 3. e3 c5 4. Nd2 cxd4 5. exd4 Qb6 6. Ngf3 Qxb2 7. Rb1 Qc3 8.
Bb5+ Bd7 9. Qe2 e6 10. Ne5 b6 11. O-O Bd6 12. Rfe1 Bxb5 13. Qxb5+ Ke7 14. Qe2
Nc6 15. Ndf3 Nd8 16. Rb3 Qc7 17. Nh4 Kf8 18. Rh3 Bxe5 19. dxe5 Ne4 20. Be3 Rc8
21. Qh5 Qxc2 22. Nf3 Rc4 23. Nd4 Qb2 24. Rd1 Qxa2 25. Rf3 Qa4 26. Nxe6+ Kg8 27.
Rf4 fxe6 28. h3 Nc3 29. Rxc4 Qxd1+ 30. Qxd1 Nxd1 31. Rc8 Kf7 32. Bg5 Re8 33.
Bxd8 Kg8 34. g4 Nb2 35. f4 Nd3 36. f5 exf5 37. e6 fxg4 38. hxg4 Nc5 39. e7 Ne6
40. Kf2 Kf7 41. Ke3 Kg6 42. Ra8 Nxd8 43. Rxd8 Rxe7+ 44. Kf4 Re4+ 45. Kf3 Re5 46.
Kf4 Re7 47. Rxd5 Rb7 48. Ke3 a5 49. Rb5 a4 50. Kd2 a3 51. Kc2 a2 52. Kb2 Ra7 53.
Ka1 Ra6 54. Re5 h6 55. Re7 Ra4 56. g5 h5 57. Rb7 h4 58. Rxb6+ Kxg5 59. Rb5+ Kh6
60. Rb6+ g6 0-1